000 00955nas a2200277 4500
001 BR2021000376
003 BR-BrBNA
005 20231205132149.0
007 ta
008 230509b bl.|||p| |||| 00| 00por d
040 _aBR-BrBNA
_bpor
_cBiblioteca Nacional de Agricultura
041 _a(Pt)
072 _aF04; F61; F62
100 1 _aVieira, C.R.
100 1 _aWeber, O.L. dos S.
245 1 _aCrescimento e nutrição de pau de balsa em solo enriquecido com lodo de esgoto
650 _aOCHROMA PYRAMIDALE
650 _aPAU DE BALSA
650 _aRESÍDUO ORGÂNICO
650 _aMUDA
773 0 _tNativa. Pesquisas Agrárias e Ambientais (Brazil)
_xISSN 2318-7670
_g(Dec 2018), v. 6(special number) p. 699-705
_wBR2021000376
856 4 0 _uhttps://periodicoscientificos.ufmt.br/ojs/index.php/nativa/article/view/5379/5081
856 4 0 _dLink DSPACE/MAPA BR2021000376
909 _a202311
_bLúcia
_c55
_dLúcia Elande
942 _2AGRIS
_n0
_cANA
999 _c258832
_d258832